Corporate Governance and Bank Performance in Nigeria: An Empirical Study

Štúdia podrobne skúma efektívnosť správy a riadenia spoločností v nigérijských bankách v období rokov 2006 - 2018. Údaje sú získané z výročných správ bánk, Nigérijskej centrálnej banky a Nigérijskej burzy cenných papierov. Využitá regresná analýza, diagnostický test a na určenie smeru kauzality sa p...

Descripción completa

Guardado en:
Detalles Bibliográficos
Autor principal: Okonkwo, Jisike Jude
Otros Autores: Azolibe Chukwuebuka, Bernard, Nwadibe, Chidinma Emelda
Formato: Capítulo de libro
Lenguaje:inglés
Materias:
Etiquetas: Agregar Etiqueta
Sin Etiquetas, Sea el primero en etiquetar este registro!

MARC

LEADER 00000naa a2200000 4500
001 0262451
005 20200220115159.5
041 0 |a eng 
044 |a PT 
245 1 0 |a Corporate Governance and Bank Performance in Nigeria: An Empirical Study  |c Jisike Jude Okonkwo, Bernard Azolibe Chukwuebuka, Chidinma Emelda Nwadibe 
520 |a Štúdia podrobne skúma efektívnosť správy a riadenia spoločností v nigérijských bankách v období rokov 2006 - 2018. Údaje sú získané z výročných správ bánk, Nigérijskej centrálnej banky a Nigérijskej burzy cenných papierov. Využitá regresná analýza, diagnostický test a na určenie smeru kauzality sa použil Grangerov kauzálny test. Prierezový vzťah: Čistý zisk a výbor pre audit rady. 
610 2 0 |a banky 
610 2 0 |a výkonnosť 
610 2 0 |a riadenie 
610 2 0 |a Nigéria 
610 2 0 |a správy výročné 
610 2 0 |a analýza regresná 
610 2 0 |a štúdie 
610 2 0 |a audit 
610 2 0 |a predstavenstvo 
100 1 |a Okonkwo, Jisike Jude 
700 1 |a Azolibe Chukwuebuka, Bernard 
700 1 |a Nwadibe, Chidinma Emelda